Charakterizácia výberových vín analýzou prchavého podielu látok metódou plynovej chromatografie s hmotnostnou spektrometriou diplomová práca

Gespeichert in:
Bibliographische Detailangaben
1. Verfasser: Balašková, Ivana
Format: Buch
Sprache:Englisch
Veröffentlicht: Bratislava STU FCHPT 2016
Online-Zugang:Im OPAC anzeigen
Tags: Tag hinzufügen
Keine Tags, Fügen Sie das erste Tag hinzu!

MARC

LEADER 00000nam a2200000 a 4500
005 20260127134045.0
008 160614 000 0 eng d
035 |a vtls011559956 
039 9 |y 201606141053  |z mschk03 
040 |a STUSCHK1  |b slo  |c STUSCHK1  |e AACR2 
100 1 |a Balašková, Ivana 
245 1 |a Charakterizácia výberových vín analýzou prchavého podielu látok metódou plynovej chromatografie s hmotnostnou spektrometriou  |b diplomová práca  |c Ivana Balašková 
260 |a Bratislava  |b STU FCHPT  |c 2016 
300 |a 86s.  |b il.  |c 25 cm 
500 |a Študijný program: technická chémia 
500 |a Študijný odbor: chémia, chemické technológie 
500 |a Školiace pracovisko: Ústav analytickej chémie 
500 |a Evid. číslo: FCHPT-104542-43152 
910 |a SCHK95 
999 |c 3093  |d 3093